|
|
|
|
| LEADER |
00000nbm0a2200000 4500 |
| 001 |
83119 |
| 005 |
20240202123037.0 |
| 035 |
|
|
|a (RuTPU)RU\TPU\book\89337
|
| 090 |
|
|
|a 83119
|
| 100 |
|
|
|a 20051011j20051004k y0rusy50 ca
|
| 101 |
0 |
|
|a rus
|
| 102 |
|
|
|a RU
|
| 105 |
|
|
|a a m 001zy
|
| 200 |
1 |
|
|a Тепловизионный контроль воды в авиационных сотовых панелях в процессе эксплуатации самолетов
|e диссертация на соискание ученой степени кандидата технических наук
|e спец. 05.11.13
|f Д. А. Нестерук
|g Томский политехнический университет ; науч. рук. В. П. Вавилов
|
| 210 |
|
|
|a Томск
|c [Б. и.]
|d 2005
|
| 215 |
|
|
|a 158 л.
|c ил.
|
| 320 |
|
|
|a Библиогр.: с. 138-142 (72 назв.)
|
| 610 |
1 |
|
|a авиационная техника
|
| 610 |
1 |
|
|a самолеты
|
| 610 |
1 |
|
|a материалы
|
| 610 |
1 |
|
|a авиационное материаловедение
|
| 610 |
1 |
|
|a сотовые конструкции
|
| 610 |
1 |
|
|a вода
|
| 610 |
1 |
|
|a тепловизионный контроль
|
| 610 |
1 |
|
|a математическое моделирование
|
| 610 |
1 |
|
|a экспериментальные исследования
|
| 610 |
1 |
|
|a модели
|
| 610 |
1 |
|
|a диагностика
|
| 610 |
1 |
|
|a диссертации
|
| 610 |
1 |
|
|a труды учёных ТПУ
|
| 675 |
|
|
|a 629.73.002.3(04)
|v 3
|
| 686 |
|
|
|a 05.11.13
|2 oksvnk
|
| 700 |
|
1 |
|a Нестерук
|b Д. А.
|c специалист в области неразрушающего контроля
|c доцент Томского политехнического университета, кандидат технических наук
|f 1979-
|g Денис Алексеевич
|3 (RuTPU)RU\TPU\pers\25092
|9 11198
|
| 702 |
|
1 |
|a Вавилов
|b В. П.
|c специалист в области неразрушающего контроля
|c профессор Томского политехнического университета, доктор технических наук
|f 1949-
|g Владимир Платонович
|3 (RuTPU)RU\TPU\pers\19772
|4 727
|9 7710
|
| 712 |
0 |
2 |
|a Томский политехнический университет
|3 (RuTPU)RU\TPU\col\376
|
| 801 |
|
1 |
|a RU
|b 63413507
|c 20051011
|g PSBO
|
| 801 |
|
2 |
|a RU
|b 63413507
|c 20140321
|g PSBO
|
| 942 |
|
|
|c BK
|